[Event "Bucharest op"]
[Site "Bucharest"]
[Date "1995.??.??"]
[Round "?"]
[White "Marin, Irina Luiza"]
[Black "Lutu, Manuel Catalin"]
[Result "1/2-1/2"]
[WhiteElo "2261"]
[BlackElo "2200"]
[PlyCount "69"]
[EventDate "1995.??.??"]
[EventType "swiss"]
[EventRounds "9"]
[EventCountry "ROU"]
[SourceTitle "EXT 2002"]
[Source "ChessBase"]
[SourceDate "2001.11.25"]
[SourceVersion "1"]
[SourceVersionDate "2001.11.25"]
[SourceQuality "1"]

1. e4 d6 2. d4 Nf6 3. f3 g6 4. Nc3 Nbd7 5. Be3 c6 6. Qd2 Qa5 7. g4 h6 8. Nge2 Bg7 9. Ng3 a6 10. 0-0-0 b5 11. Kb1 Bb7 12. h4 0-0-0 13. h5 c5 14. hxg6 fxg6 15. Nd5 Nxd5 16. Qxa5 Nxe3 17. Re1 cxd4 18. c4 Nxf1 19. Nxf1 bxc4 20. Rc1 c3 21. bxc3 dxc3 22. Ne3 Nc5 23. Nd5 Bxd5 24. exd5 Kd7 25. Kc2 Rb8 26. Rb1 Rb2+ 27. Rxb2 cxb2 28. Qb4 Rc8 29. Kd2 g5 30. Rb1 Rf8 31. Ke3 Rf4 32. Qb6 Na4 33. Qc6+ Kd8 34. Qa8+ Kd7 35. Qc6+ 1/2-1/2